| 000 | 00543nam a2200193Ia 4500 | ||
|---|---|---|---|
| 005 | 20250508160957.0 | ||
| 008 | 008 250505s9999 xx 000 0 eng d | ||
| 020 | _a0-913420-56-5 | ||
| 037 | _aTextual | ||
| 040 |
_aFEDL _beng _cFEDL |
||
| 041 |
_aeng _2eng |
||
| 084 |
_a371.425, HOY _qFEDL |
||
| 100 |
_aHoyt Kenneth et.al _9769916 |
||
| 245 | 0 | _aCareer education in the high school | |
| 260 |
_aUtah _bOlympus Publishing Company _c1977 |
||
| 300 | _a461p. | ||
| 942 |
_cTEXL _h371.425, HOY |
||
| 999 |
_c1367724 _d1367724 |
||